Gares sur la ligne classique Paris-Lille - Statistiques

Statistiques générales
  • Ce quiz a été pris 52 fois
  • Le résultat moyen est 17 sur 58
Statistiques - réponses
Département Gare % Correct
(62) Arras
84%
(59) Lille-Flandres
79%
(93) Saint-Denis
74%
Nord (59) Douai
67%
Paris (75) Paris-Nord
67%
(59) Roubaix
67%
Nord (59) Tourcoing
65%
(60) Creil
58%
(59) Seclin
42%
(60) Orry-la-Ville - Coye
40%
(60) Chantilly - Gouvieux
37%
(80) Longueau
37%
(95) Goussainville
35%
Oise (60) La Borne-Blanche
35%
(80) Albert
33%
Val-d'Oise (95) Garges - Sarcelles
33%
Seine-Saint-Denis (93) Stade-de-France - Saint-Denis
33%
Belgique Mouscron
30%
Nord (59) Phalempin
30%
(60) Clermont-de-l'Oise
28%
(59) Croix - Wasquehal
28%
(95) Louvres
28%
(59) Ronchin
28%
(60) Saint-Just-en-Chaussée
28%
Val-d'Oise (95) Survilliers - Fosses
28%
(59) Croix-l'Allumette
26%
Seine-Saint-Denis (93) Pierrefitte - Stains
26%
Pas-de-Calais (62) Achiet
23%
Oise (60) Breteuil-Embranchement
23%
(80) Corbie
23%
(60) Liancourt - Rantigny
23%
Nord (59) Pont-de-la-Deûle
23%
(95) Les Noues
21%
(95) Villiers-le-Bel - Gonesse - Arnouville
21%
(80) Ailly-sur-Noye
19%
(62) Courcelles-le-Comte
19%
(80) Daours
19%
(60) Laigneville
19%
Pas-de-Calais (62) Libercourt
19%
Nord (59) Ostricourt
19%
(59) Wattignies - Templemars
19%
(60) Avrechy
16%
(80) Boves
16%
(80) Buire-sur-l'Ancre
16%
(60) Gannes
16%
Somme (80) La Faloise
16%
Somme (80) Miraumont
16%
(60) Saint-Rémy-en-l'Eau
16%
(62) Boisleux
14%
(80) Dommartin - Remiencourt
14%
(80) Heilly
14%
(80) Méricourt - Ribémont
14%
Pas-de-Calais (62) Leforest
12%
(62) Brebières-Sud
9%
Pas-de-Calais (62) Corbehem
9%
(62) Biache-Saint-Vaast
7%
(62) Vitry-en-Artois
7%
(62) Roeux (Pas-de-Calais)
0%
Aucun quiz correspondant
Distribution des résultats
% des personnes avec chaque résultat
Percentile par nombre de réponses
Votre historique - résultats
Vous n’avez pas pris ce quiz